LEADER 00521nas a2200157 i 4500 001 000000132118 003 CaOOAMICUS 005 20041201000000.0 008 041201b xx uu u0 0und r 013 $a105061 040 $aSeMil$bita 245 10$aTitolo mancante. 773 0 $tÖsterreichisches Archiv für Kirchenrecht.$dWien : Herder $x0029-9820$w()2559 850 $aSeMil 852 $aSeMil$W1$xVenegono$y1$m203 6 1-2$j86039$B86039$CSeMilBibl$Z2$F89776 $82 996 $6245$aTitolo mancante$9(OLS)http://semarc/title/46445 LEADER 00418nab a2200133 i 4500 001 000000306022 003 CaOOAMICUS 005 20180831172849.0 008 180831n xx uu u0 0und r 013 $a14358 040 $aSeMil$bita 100 1 $aSerpa, Renato.$0(OLS)http://semarc/name/85366 245 10$aBontadini e "il cielo della metafisica". 996 $6245$aBontadini e "il cielo della metafisica"$9(OLS)http://semarc/title/381477